000 00701cam a2200241 a 4500
001 000010018
005 20240503073630.0
008 771212s1974 sp 000 f spa d
040 _aDO-SdBNP
_bspa
_cDLC
_dBNPHU
082 _a863.3
_bC419nov, 1974
100 1 _aCervantes Saavedra, Miguel de,
_d1547-1616
_93070
245 1 0 _aNovelas ejemplares /
_cMiguel de Cervantes Saavedra.
250 _a2a ed.
260 _aMedellín :
_bBedout,
_c1974.
300 _a328 ;
_c18 cm.
490 1 _aBolsilibros Bedout
650 4 _aNovela española
_91123
650 4 _aLiteratura española
_9632
830 0 _aBolsilibros Bedout
_93750
910 _aCatalogación derivada
910 _aWM
049 _aBNGR
999 _c9777
_d9777